Πολιτιστική δράση για την κατάκτηση της ελευθερίας

Αποθηκεύτηκε σε:
Λεπτομέρειες βιβλιογραφικής εγγραφής
Κύριος συγγραφέας: Freire, Paulo, 1921-1997
Άλλοι συγγραφείς: Τσάμης, Σωτήρης (Μεταφραστής)
Μορφή: Βιβλίο
Γλώσσα:Greek
English
Δημοσίευση: Αθήνα : Καστανιώτης, c1977.
Σειρά:Σύγχρονη παιδαγωγική βιβλιοθήκη. Εκπαίδευση και κοινωνία. 2
Θέματα:
Ετικέτες: Προσθήκη ετικέτας
Δεν υπάρχουν, Καταχωρήστε ετικέτα πρώτοι!

MARC

LEADER 00000cam a2200000 i 4500
001 1/71478
008 960718s1977 gr | ||| |||| ||gre||
035 |a 1986  |c Αγορά  |l 10030961 
035 |a 1987  |c Αγορά 
040 |a GR-MY-UA  |b gre  |e aacr 
041 1 |a gre  |h eng 
082 7 |a 374.001   |2 (22) 
100 1 |a Freire, Paulo,   |d 1921-1997. 
245 1 0 |a Πολιτιστική δράση για την κατάκτηση της ελευθερίας /   |c Paulo Freire ; μετάφραση: Σωτήρης Τσάμης. 
260 |a Αθήνα :   |b Καστανιώτης,   |c c1977. 
300 |a 110 σ. ;   |c 21 εκ.  
490 1 |a (Σύγχρονη παιδαγωγική βιβλιοθήκη. Εκπαίδευση και κοινωνία / Καστανιώτης ;   |v 2) 
500 |a Τίτλος πρωτοτύπου: Cultural action for freedom 
504 |a Περιλαμβάνει βιβλιογραφικές παραπομπές και παράρτημα. 
650 0 0 |a Adult education. 
650 0 0 |a Literacy. 
650 0 0 |a Motivation in adult education. 
650 0 0 |a Adult education and state. 
700 1 |a Τσάμης, Σωτήρης,  |e trl 
830 0 |a Σύγχρονη παιδαγωγική βιβλιοθήκη.   |p Εκπαίδευση και κοινωνία.  |v 2 
852 |a INST  |b RHODES  |e 19960718  |h 374.001 FRE  |p 005400002457  |q 005400002457  |t BK  |y 0 
852 |a INST  |b RHODES  |e 19960718  |h 374.001 FRE  |p 005400002497  |q 005400002497  |t BK  |y 0 
852 |a INST  |b RHODES  |e 20230622  |h 374.001 FRE  |p 005400043661  |q 005400043661  |t BK  |y 0 
909 |a Ρ  |b 003179 
909 |a Ρ  |b 006964 
970 |z 18-07-1996